Team Umizoomi Quiz - Statistics

General Stats
  • This quiz has been taken 116 times
  • The average score is 6 of 9
Answer Stats
Hint Answer % Correct
Belly Screen! Bot
93%
Pattern Power! Milli
93%
Super Shapes! Geo
91%
This groovy vehicle takes the team around the city UmiCar
78%
Umicity's toughest mouse Doormouse
75%
Superpower of Team Umizoomi Mighty Math Power!
49%
This Umi-rific TV show was created in... 2010
45%
This duo is up to no good The Troublemakers
31%
The first episode was... The Kite Festival
25%
No matching quizzes found
Score Distribution
Percent of People with Each Score
Percentile by Number Answered
Your Score History
You have not taken this quiz